Garabombo der Unsichtbare

Salvato in:
Dettagli Bibliografici
Autore principale: Scorza, Manuel
Natura: Libro
Lingua:Undetermined
Pubblicazione: Berlín, AlemaniA Aufbau-Verlag 1977
Soggetti:
Tags: Aggiungi Tag
Nessun Tag, puoi essere il primo ad aggiungerne!!

MARC

LEADER 00000nam a2200000Ia 4500
008 170316s9999 xx 000 0 und d
040 |a cru BVZT 
090 |a 860 S-19g 
100 |a Scorza, Manuel 
245 |a Garabombo der Unsichtbare 
260 |a Berlín, AlemaniA 
260 |b Aufbau-Verlag 
260 |c 1977 
300 |a 311 páginas 
650 |a LITERATURA LATINOAMERICANA 
999 |c 9205  |d 9205 
942 |c 15 D  |h 860 S-19g  |2 z